Southville International School and Colleges
Your cart is empty.
  • Cart
  • Lists
    Public lists Eva Luna New books Lux_list list_1
    Your lists Log in to create your own lists
  • Log in to your account
  • Your cookies
  • Search history
Southville International School and Colleges
  • Advanced search
  • Recent comments
  • Most popular
  • Libraries

Log in to your account

Log in with GOOGLE


If you do not have an external account, but do have a local account, you can still log in:

  1. Home
  2. MARC view: The Enlightenment :
Normal view MARC view ISBD view

The Enlightenment : (Record no. 288425)

[ view plain ]
MARC details
000 -LEADER
fixed length control field 00503nam a22001690 4500
003 - CONTROL NUMBER IDENTIFIER
control field PILC
005 - DATE AND TIME OF LATEST TRANSACTION
control field 20150820151624.0
008 - FIXED-LENGTH DATA ELEMENTS--GENERAL INFORMATION
fixed length control field 971115s1966
050 ## - LIBRARY OF CONGRESS CALL NUMBER
Classification number B 802
Item number .G253 1966
100 1# - MAIN ENTRY--PERSONAL NAME
Personal name Gay, Peter.
245 14 - TITLE STATEMENT
Title The Enlightenment :
Remainder of title an interpretation : the rise of modern paganism /
Statement of responsibility, etc Peter Gay.
260 ## - PUBLICATION, DISTRIBUTION, ETC. (IMPRINT)
Place of publication, distribution, etc New York :
Name of publisher, distributor, etc Vintage Books,
Date of publication, distribution, etc 1966.
300 ## - PHYSICAL DESCRIPTION
Extent xviii, 555 pages ;
Dimensions 20 cm.
500 ## - GENERAL NOTE
General note Includes index.
650 ## - SUBJECT ADDED ENTRY--TOPICAL TERM
Topical term or geographic name as entry element Enlightenment.
942 ## - ADDED ENTRY ELEMENTS (KOHA)
Source of classification or shelving scheme Library of Congress Classification
Koha item type Books
Call number prefix Foreign
Holdings
Withdrawn status Lost status Source of classification or shelving scheme Damaged status Home library Current library Shelving location Date acquired Source of acquisition Total Checkouts Full call number Barcode Date last seen Price effective from Koha item type
    Library of Congress Classification   Archives Archives   08/20/2015 Donation   B 802 .G253 1966 C19716 05/25/2018 08/20/2015 Books

The Enlightenment :

APA

Gay P., . (1966). The Enlightenment. New York: Vintage Books.

Chicago

Gay Peter, . 1966. The Enlightenment. New York: Vintage Books.

Harvard

Gay P., . (1966). The Enlightenment. New York: Vintage Books.

MLA

Gay Peter, . The Enlightenment. New York: Vintage Books. 1966.

  • Place hold
  • Print
  • Cite
  • Add to your cart (remove)
  • Save record
    BIBTEX Dublin Core MARCXML MARC (non-Unicode/MARC-8) MARC (Unicode/UTF-8) MARC (Unicode/UTF-8, Standard) MODS (XML) RIS
  • More searches
    Search for this title in:
    Other Libraries (WorldCat) Other Databases (Google Scholar) Online Stores (Bookfinder.com) Open Library (openlibrary.org)

Exporting to Dublin Core...

SOUTHVILLE LIBRARY

Southville International School and Colleges Library

1281 Tropical Ave. Cor. Luxembourg St., BF Homes International, Las Pinas City

Tel. No. 8256374 / 252358 Loc. 117/146

Powered by Koha